00725cam a22002293a 450000100060000000300060000600500170001200800410002904000150007004200070008505000060009210000230009824501770012126000290029850600300032751600200035765300120037765300150038965300200040483000290042485600420045331263PGUSA20140828083657.0100212s2010||||xxu|||||s|||||000 | eng d aPGUSAbeng adc 4aG1 aJenkins, Thomas H.10aBark Kathleen Sunk By A Whale :bTo Which is Added an Account of Two Like Occurrences, the Loss of Ships Ann Alexander and Essexh[electronic resource] /cThomas H. Jenkins bProject Gutenberg,c2010 aPublic domain in the USA. aElectronic text aWhaling aShipwrecks aKathleen (Bark) 0aProject Gutenbergv3126340uhttp://www.gutenberg.org/ebooks/31263